|
|
|
|
| LEADER |
00000nam0a2200000 4500 |
| 001 |
141230 |
| 005 |
20231031142354.0 |
| 010 |
|
|
|a 3540307087
|
| 035 |
|
|
|a (RuTPU)RU\TPU\book\153080
|
| 090 |
|
|
|a 141230
|
| 100 |
|
|
|a 20080806d2006 km y0engy50 ba
|
| 101 |
0 |
|
|a eng
|
| 102 |
|
|
|a DE
|
| 105 |
|
|
|a a z 001zy
|
| 200 |
1 |
|
|a Life in the Universe. Expectations and Constraints
|f D. Schulze-Makuch, L. N. Irwin
|
| 210 |
|
|
|a Berlin
|c Springer-Verlag
|d 2006
|
| 215 |
|
|
|a 172 p.
|c il.
|
| 225 |
1 |
|
|a Advances in Astrobiology and Biogeophysics
|
| 320 |
|
|
|a References: p. 167-172.
|
| 610 |
1 |
|
|a астрономия
|
| 610 |
1 |
|
|a биология
|
| 610 |
1 |
|
|a астробиология
|
| 610 |
1 |
|
|a космос
|
| 610 |
1 |
|
|a Вселенная
|
| 610 |
1 |
|
|a жизнь
|
| 610 |
1 |
|
|a происхождение
|
| 610 |
1 |
|
|a распространение
|
| 610 |
1 |
|
|a английский язык
|
| 675 |
|
|
|a 52:57
|v 3
|
| 700 |
|
1 |
|a Schulze-Makuch
|b D.
|g Dirk
|
| 701 |
|
1 |
|a Irwin
|b L. N.
|g Louis N.
|
| 801 |
|
1 |
|a RU
|b 63413507
|c 20080806
|g PSBO
|
| 801 |
|
2 |
|a RU
|b 63413507
|c 20080917
|g PSBO
|
| 942 |
|
|
|c BK
|